| 000 | 00675nam a22002057a 4500 | ||
|---|---|---|---|
| 999 |
_c18829 _d18829 |
||
| 003 | AR-CdUCM | ||
| 008 | 190515b ||||| |||| 00| 0 spa d | ||
| 040 |
_aMUNICIPALIDAD PROVINCIAL DEL CUSCO _cBIBLIOTECA MUNICIPAL DEL CUSCO |
||
| 082 |
_a345.072 / _bG68 |
||
| 100 |
_aGomez, Celimo _939673 |
||
| 245 | _aApuntes de practica forense / | ||
| 260 |
_aBogotá : _bABC, _c1970. |
||
| 300 |
_a289 páginas ; _c24 cm. |
||
| 505 | _aContenido: Minutas y pólizas -- Contrato de compraventa simple entre dos personas -- Testamentos... | ||
| 650 |
_aPólizas _939674 |
||
| 650 |
_aColombia _9140 |
||
| 650 |
_aHerencia _99110 |
||
| 942 |
_2ddc _cLIBROS |
||
| 945 |
_adavv _d2019-05-15 |
||